000
00318nam a2200133Ia 4500
008
220216s9999 xx 000 0 und d
100
_a
Jacob A J
245
0
_a
Gelling of latex foam products
260
_b
Rubber India
_c
1997
300
_a
10-Sep
650
_a
Gelling
650
_a
Latex foam products
942
_c
JS
999
_c
59749
_d
59749